<?xml version="1.0" encoding="UTF-8"?>
<collection xmlns="http://www.loc.gov/MARC21/slim">
 <record>
  <leader>01371nam a22002177a 4500</leader>
  <controlfield tag="001">NCT_91868</controlfield>
  <controlfield tag="008">211018b        xxu||||| |||| 00| 0 vie d</controlfield>
  <datafield tag="999" ind1=" " ind2=" ">
   <subfield code="c">4538</subfield>
   <subfield code="d">4538</subfield>
  </datafield>
  <datafield tag="020" ind1=" " ind2=" ">
   <subfield code="a">9786048034801</subfield>
   <subfield code="c">350000</subfield>
  </datafield>
  <datafield tag="082" ind1="0" ind2="4">
   <subfield code="2">23rd ed.</subfield>
   <subfield code="a">340.597</subfield>
   <subfield code="b">H507</subfield>
  </datafield>
  <datafield tag="100" ind1="1" ind2=" ">
   <subfield code="a">Đinh Văn Huế</subfield>
  </datafield>
  <datafield tag="245" ind1="1" ind2="0">
   <subfield code="a">Chuyện pháp đình (bình luận án)</subfield>
   <subfield code="c">Đinh Văn Huế</subfield>
  </datafield>
  <datafield tag="260" ind1=" " ind2=" ">
   <subfield code="a">H.</subfield>
   <subfield code="b">Thông tin và truyền thông</subfield>
   <subfield code="c">2018</subfield>
  </datafield>
  <datafield tag="300" ind1=" " ind2=" ">
   <subfield code="a">599 tr.</subfield>
   <subfield code="c">21cm</subfield>
  </datafield>
  <datafield tag="520" ind1="3" ind2=" ">
   <subfield code="a">Sách chọn lọc các sự kiện, các vụ án có thật, phản ánh trung thực đời sống xã hội, có giá trị cả về lý luận và thực tiễn góp phần vào việc hoàn thiện đường lối, chính sách, pháp luật của Đảng và Nhà nước</subfield>
  </datafield>
  <datafield tag="653" ind1=" " ind2=" ">
   <subfield code="a">Luật học</subfield>
  </datafield>
  <datafield tag="942" ind1=" " ind2=" ">
   <subfield code="2">ddc</subfield>
   <subfield code="c">BK</subfield>
  </datafield>
  <datafield tag="952" ind1=" " ind2=" ">
   <subfield code="0">0</subfield>
   <subfield code="1">0</subfield>
   <subfield code="2">ddc</subfield>
   <subfield code="4">0</subfield>
   <subfield code="6">340_597000000000000_H507</subfield>
   <subfield code="7">0</subfield>
   <subfield code="9">21588</subfield>
   <subfield code="a">000001</subfield>
   <subfield code="b">000001</subfield>
   <subfield code="d">2021-10-18</subfield>
   <subfield code="o">340.597 H507</subfield>
   <subfield code="p">MD.18856</subfield>
   <subfield code="r">2021-10-18</subfield>
   <subfield code="v">350000.00</subfield>
   <subfield code="w">2021-10-18</subfield>
   <subfield code="y">BK</subfield>
  </datafield>
  <datafield tag="952" ind1=" " ind2=" ">
   <subfield code="0">0</subfield>
   <subfield code="1">0</subfield>
   <subfield code="2">ddc</subfield>
   <subfield code="4">0</subfield>
   <subfield code="6">340_597000000000000_H507</subfield>
   <subfield code="7">0</subfield>
   <subfield code="9">21589</subfield>
   <subfield code="a">000001</subfield>
   <subfield code="b">000001</subfield>
   <subfield code="d">2021-10-18</subfield>
   <subfield code="o">340.597 H507</subfield>
   <subfield code="p">MD.18857</subfield>
   <subfield code="r">2021-10-18</subfield>
   <subfield code="v">350000.00</subfield>
   <subfield code="w">2021-10-18</subfield>
   <subfield code="y">BK</subfield>
  </datafield>
  <datafield tag="952" ind1=" " ind2=" ">
   <subfield code="0">0</subfield>
   <subfield code="1">0</subfield>
   <subfield code="2">ddc</subfield>
   <subfield code="4">0</subfield>
   <subfield code="6">340_597000000000000_H507</subfield>
   <subfield code="7">0</subfield>
   <subfield code="9">21590</subfield>
   <subfield code="a">000001</subfield>
   <subfield code="b">000001</subfield>
   <subfield code="d">2021-10-18</subfield>
   <subfield code="o">340.597 H507</subfield>
   <subfield code="p">MD.18858</subfield>
   <subfield code="r">2021-10-18</subfield>
   <subfield code="v">350000.00</subfield>
   <subfield code="w">2021-10-18</subfield>
   <subfield code="y">BK</subfield>
  </datafield>
  <datafield tag="980" ind1=" " ind2=" ">
   <subfield code="a">Thư viện Trường Đại học Nam Cần Thơ</subfield>
  </datafield>
 </record>
</collection>
